000 00731nam a22001937a 4500
003 OSt
005 20240528105902.0
008 240522b ||||| |||| 00| 0 eng d
040 _cAIMIT LIBRARY
100 _aD'souza, Delvita Lerisha.
_e2016044
_9166900
245 _aStudy on lending practices of co-operative banks with reference to pragathi co-operative Society ltd /
_cBy Delvita Lerisha Dsouza ; Guided by Pooja Nagpal.
260 _aMangalore ;
_c2022.
650 _aLiterature review and mapping
_9168148
650 _aProblem identification
_9168149
650 _aData analysis and interpretation
_9168150
700 _aNagpal, Pooja.
_eGuide
_9166901
856 _3Pragathi co operative society ltd.
942 _2ddc
_cPRO
999 _c230873
_d230873